00354 2200145 4500001002100000005001500021035002000036245004900056100002000105300001200125260003100137082001100168084001700179990001200196INLIS00000000000229120250528082552 a0010-05250005831 aMembaca Kepribadian Orang /cGregory G Young0 aGregory G Young a393 hlm aY0gyakarta :bThink,c2007 a155.25 a155.25 GRE m a0712599